[Event "Ruhrgebiet Verbandsliga Gruppe 2 1819"]
[Site "Nordrheinwestfalen"]
[Date "2018.10.07"]
[Round "2.1"]
[White "Beckmann, Klaus"]
[Black "Schneider, Bernd"]
[Result "1/2-1/2"]
[WhiteElo "2121"]
[BlackElo "2272"]
[PlyCount "49"]
[EventDate "2018.09.23"]
[EventType "team-tourn"]
[EventRounds "9"]
[EventCountry "GER"]
[SourceTitle "EXT 2022"]
[Source "ChessBase"]
[SourceDate "2021.10.06"]
[SourceVersion "1"]
[SourceVersionDate "2021.10.06"]
[SourceQuality "1"]
[WhiteTeam "Recklinghausen Sued"]
[BlackTeam "Bochum SV II"]
[WhiteTeamCountry "GER"]
[BlackTeamCountry "GER"]

1. d4 g6 2. e4 Bg7 3. Nf3 d6 4. Bc4 c6 5. Bb3 Nf6 6. Qe2 e5 7. 0-0 Qe7 8. Re1 0-0 9. c3 h6 10. h3 Be6 11. Bc2 Nh5 12. Qd1 Na6 13. a3 c5 14. Bd3 Nc7 15. Bf1 b5 16. a4 a6 17. Be3 Rfb8 18. a5 Kh7 19. g4 Nf4 20. Bxf4 exf4 21. d5 Bd7 22. e5 Ne8 23. exd6 Qxd6 24. Bg2 Nf6 25. Ne5 1/2-1/2

[Event "GER HS-240 email"]
[Site "GER email"]
[Date "2018.05.24"]
[Round "?"]
[White "Loew, Bernd"]
[Black "Beckmann, Klaus"]
[Result "1/2-1/2"]
[WhiteElo "1966"]
[BlackElo "1856"]
[PlyCount "107"]
[EventDate "2018.06.12"]
[EventType "tourn (corr)"]
[EventRounds "6"]
[EventCountry "GER"]
[SourceTitle "Corr 2022"]
[Source "ChessBase"]
[SourceDate "2021.10.24"]
[SourceVersion "1"]
[SourceVersionDate "2021.10.24"]
[SourceQuality "1"]

1. e4 c5 2. Nf3 g6 3. d4 cxd4 4. Nxd4 Nc6 5. c4 Nf6 6. Nc3 d6 7. Be2 Bg7 8. Be3 0-0 9. 0-0 Bd7 10. f3 Qb6 11. Na4 Qa5 12. Nb5 Rfc8 13. b3 Ne5 14. Rc1 d5 15. Bd2 Qa6 16. exd5 Bxb5 17. cxb5 Qd6 18. Nc3 Ned7 19. Bc4 Nb6 20. Ne4 Nxe4 21. fxe4 Be5 22. h3 Nxc4 23. bxc4 a6 24. Qf3 f6 25. c5 Rxc5 26. Bb4 Bd4+ 27. Kh1 axb5 28. e5 fxe5 29. Bxc5 Bxc5 30. h4 b6 31. h5 gxh5 32. Rce1 b4 33. Qf7+ Kh8 34. Qxh5 Qg6 35. Qxe5+ Kg8 36. Qh2 Bd6 37. Qh3 Kh8 38. Re2 Kg7 39. Qh4 Rf8 40. Ree1 Rf5 41. Rxf5 Qxf5 42. Rd1 Kg6 43. Rc1 h6 44. Re1 Qxd5 45. Qg4+ Qg5 46. Re6+ Kf7 47. Qxg5 hxg5 48. Re1 g4 49. Re4 g3 50. Kg1 Ke8 51. Kf1 Kd7 52. Ke2 Kc6 53. Kd3 Kd7 54. Rc4 1/2-1/2

[Event "GER T262-A40-S email"]
[Site "GER email"]
[Date "2018.03.15"]
[Round "?"]
[White "Beckmann, Klaus"]
[Black "Nitschke, Norbert"]
[Result "1-0"]
[WhiteElo "1856"]
[BlackElo "1898"]
[PlyCount "47"]
[EventDate "2018.03.26"]
[EventType "tourn (corr)"]
[EventRounds "8"]
[EventCountry "GER"]
[SourceTitle "Corr 2022"]
[Source "ChessBase"]
[SourceDate "2021.10.24"]
[SourceVersion "1"]
[SourceVersionDate "2021.10.24"]
[SourceQuality "1"]

1. d4 g6 2. c4 Bg7 3. Nc3 c5 4. d5 Bxc3+ 5. bxc3 f5 6. e4 fxe4 7. f3 Nf6 8. fxe4 d6 9. Bd3 0-0 10. Bh6 Rf7 11. h3 Nh5 12. Nf3 Ng3 13. Rg1 e5 14. Qd2 Nd7 15. Ng5 Rf6 16. Ne6 Qa5 17. Rc1 Nh5 18. g3 Rf7 19. Be2 Ndf6 20. Ng5 Re7 21. Qe3 Qxa2 22. Rf1 Bd7 23. Bxh5 Nxh5 24. Qf3 1-0

[Event "Ruhrgebiet Verbandsliga Gruppe 2 1718"]
[Site "Germany"]
[Date "2018.02.04"]
[Round "6.1"]
[White "Viebahn, Dirk"]
[Black "Beckmann, Klaus"]
[Result "1/2-1/2"]
[WhiteElo "2094"]
[BlackElo "2152"]
[PlyCount "120"]
[EventDate "2017.09.17"]
[EventType "team-tourn"]
[EventRounds "9"]
[EventCountry "GER"]
[SourceTitle "EXT 2022"]
[Source "ChessBase"]
[SourceDate "2021.10.06"]
[SourceVersion "1"]
[SourceVersionDate "2021.10.06"]
[SourceQuality "1"]
[WhiteTeam "Muelheim SC"]
[BlackTeam "Recklinghausen Sued"]
[WhiteTeamCountry "GER"]
[BlackTeamCountry "GER"]

1. e4 g6 2. d4 Bg7 3. Nf3 d6 4. Nc3 a6 5. a4 Nf6 6. h3 0-0 7. Bg5 b6 8. Bd3 c5 9. dxc5 bxc5 10. 0-0 Nbd7 11. Qd2 Bb7 12. Rfe1 Rb8 13. Bh6 Qc7 14. Bxg7 Kxg7 15. b3 Ne5 16. Nxe5 dxe5 17. Nd5 Nxd5 18. exd5 Bxd5 19. Bxa6 Rfd8 20. Qc3 f6 21. Bf1 Ba8 22. a5 Rd4 23. a6 Rbb4 24. Qg3 Rb6 25. Re3 Rbd6 26. Rd3 Qc6 27. Rxd4 exd4 28. a7 e5 29. f3 Rd7 30. Qh4 c4 31. Bxc4 Qc5 32. Kh2 Rxa7 33. Rxa7+ Qxa7 34. Qg4 f5 35. Qg5 Qc7 36. Qg3 h6 37. Kh1 Qe7 38. Qf2 Qd6 39. Qg3 g5 40. h4 g4 41. Qe1 Qc5 42. fxg4 f4 43. Qf2 Qa5 44. g5 Qc3 45. Kh2 h5 46. Bd3 Qc7 47. Kg1 Qc5 48. Kh2 Qd6 49. Be2 e4 50. Kg1 Kg6 51. Bc4 Qe5 52. Qe2 Qa5 53. Bd3 Qe5 54. Bc4 Qa5 55. Bd3 Qd5 56. Bc4 Qc6 57. Qf2 Qd6 58. Qd2 Bc6 59. Qe1 Qc5 60. Qf2 Qe5 1/2-1/2

[Event "Ruhrgebiet Verbandsliga Gruppe 2 1718"]
[Site "Germany"]
[Date "2018.01.14"]
[Round "5.1"]
[White "Beckmann, Klaus"]
[Black "Quast, Marcel"]
[Result "0-1"]
[WhiteElo "2152"]
[BlackElo "2203"]
[PlyCount "57"]
[EventDate "2017.09.17"]
[EventType "team-tourn"]
[EventRounds "9"]
[EventCountry "GER"]
[SourceTitle "EXT 2022"]
[Source "ChessBase"]
[SourceDate "2021.10.06"]
[SourceVersion "1"]
[SourceVersionDate "2021.10.06"]
[SourceQuality "1"]
[WhiteTeam "Recklinghausen Sued"]
[BlackTeam "Gerthe Werne"]
[WhiteTeamCountry "GER"]
[BlackTeamCountry "GER"]

1. Nf3 Nf6 2. d4 e6 3. e3 b6 4. Bd3 Bb7 5. 0-0 Ne4 6. c4 Be7 7. Nc3 f5 8. Bxe4 fxe4 9. Nd2 0-0 10. Ndxe4 Qe8 11. d5 Qg6 12. a3 a5 13. f3 Na6 14. b3 Kh8 15. Kh1 Rae8 16. Bb2 Qh6 17. Qd3 Nc5 18. Nxc5 Bxc5 19. e4 Bd6 20. f4 Bxf4 21. g3 Be5 22. Na4 Bxb2 23. Nxb2 d6 24. Rae1 Kg8 25. Kg2 e5 26. h4 Bc8 27. Rxf8+ Rxf8 28. Rf1 Rxf1 29. Kxf1 0-1

[Event "Ruhrgebiet Verbandsliga Gruppe 2 1718"]
[Site "Germany"]
[Date "2017.11.05"]
[Round "3.1"]
[White "Beckmann, Klaus"]
[Black "Walter, Andreas"]
[Result "0-1"]
[WhiteElo "2152"]
[BlackElo "2120"]
[PlyCount "38"]
[EventDate "2017.09.17"]
[EventType "team-tourn"]
[EventRounds "9"]
[EventCountry "GER"]
[SourceTitle "EXT 2022"]
[Source "ChessBase"]
[SourceDate "2021.10.06"]
[SourceVersion "1"]
[SourceVersionDate "2021.10.06"]
[SourceQuality "1"]
[WhiteTeam "Recklinghausen Sued"]
[BlackTeam "Muelheim Nord III"]
[WhiteTeamCountry "GER"]
[BlackTeamCountry "GER"]

1. e4 e5 2. Bc4 Nf6 3. d3 c6 4. Bb3 Be7 5. Nf3 0-0 6. 0-0 d6 7. c3 Nbd7 8. Bc2 Re8 9. Re1 Nf8 10. d4 Ng6 11. Nbd2 Bf8 12. h3 Qc7 13. a4 Bd7 14. Nf1 d5 15. dxe5 Nxe5 16. Nxe5 Qxe5 17. f4 Bc5+ 18. Kh2 Qe7 19. e5 Ng4+ 0-1

[Event "GER T267-E03-S email"]
[Site "GER email"]
[Date "2017.09.09"]
[Round "?"]
[White "Schelberg, Martin"]
[Black "Beckmann, Klaus"]
[Result "1/2-1/2"]
[WhiteElo "1570"]
[BlackElo "1856"]
[PlyCount "46"]
[EventDate "2017.09.14"]
[EventType "tourn (corr)"]
[EventRounds "8"]
[EventCountry "GER"]
[SourceTitle "Corr 2022"]
[Source "ChessBase"]
[SourceDate "2021.10.24"]
[SourceVersion "1"]
[SourceVersionDate "2021.10.24"]
[SourceQuality "1"]

1. d4 Nf6 2. c4 e6 3. g3 d5 4. Bg2 dxc4 5. Qa4+ Nbd7 6. Qxc4 a6 7. Qd3 c5 8. Nf3 cxd4 9. Nxd4 Nc5 10. Qc3 Bd7 11. 0-0 Rc8 12. Bf4 Be7 13. Qd2 b5 14. Rd1 0-0 15. Nb3 Na4 16. Nc3 Nxc3 17. bxc3 Qb6 18. Qd4 Qxd4 19. cxd4 Bc6 20. Bg5 Bxg2 21. Kxg2 Rc4 22. a4 Rc3 23. Nc5 Bxc5 1/2-1/2

[Event "GER HS-229 email"]
[Site "GER email"]
[Date "2017.07.30"]
[Round "?"]
[White "Lemke, Burghard"]
[Black "Beckmann, Klaus"]
[Result "1-0"]
[WhiteElo "1924"]
[BlackElo "1856"]
[PlyCount "65"]
[EventDate "2017.08.04"]
[EventType "tourn (corr)"]
[EventRounds "6"]
[EventCountry "GER"]
[SourceTitle "Corr 2022"]
[Source "ChessBase"]
[SourceDate "2021.10.24"]
[SourceVersion "1"]
[SourceVersionDate "2021.10.24"]
[SourceQuality "1"]

1. e4 c5 2. c3 d5 3. exd5 Qxd5 4. Nf3 Nc6 5. d4 Bf5 6. Be3 cxd4 7. Nxd4 Nf6 8. Nxf5 Qxf5 9. Bd3 Qd5 10. 0-0 0-0-0 11. Be2 Qxd1 12. Rxd1 Rxd1+ 13. Bxd1 Nd5 14. Bc1 e6 15. Nd2 Ne5 16. Kf1 Be7 17. g3 Nd3 18. Ke2 Nxc1+ 19. Rxc1 Rd8 20. Bb3 g6 21. Nc4 Bd6 22. Rd1 Bc7 23. Rd3 Nb6 24. Nxb6+ Bxb6 25. Rf3 Rd7 26. Ba4 Re7 27. h4 a6 28. h5 Bc7 29. hxg6 hxg6 30. Rd3 Be5 31. Rd1 Kc7 32. Rh1 Rd7 33. Bxd7 1-0

[Event "GER-Cup31 E/V05 email"]
[Site "GER email"]
[Date "2017.04.25"]
[Round "?"]
[White "Beckmann, Klaus"]
[Black "Dreisch, Juergen"]
[Result "1-0"]
[WhiteElo "1733"]
[BlackElo "1921"]
[PlyCount "93"]
[EventDate "2017.05.01"]
[EventType "tourn (corr)"]
[EventRounds "4"]
[EventCountry "GER"]
[SourceTitle "Corr 2020"]
[Source "ChessBase"]
[SourceDate "2019.09.30"]
[SourceVersion "1"]
[SourceVersionDate "2019.09.30"]
[SourceQuality "1"]

1. d4 b6 2. e4 c5 3. d5 g6 4. c4 Bg7 5. Qc2 d6 6. Bd3 Nf6 7. Ne2 0-0 8. Nbc3 Nbd7 9. f4 e6 10. 0-0 exd5 11. cxd5 Re8 12. h3 Bb7 13. Ng3 Rc8 14. b3 a6 15. a4 Ng4 16. hxg4 Bd4+ 17. Rf2 Qh4 18. Nh1 Nf6 19. Be2 Bxd5 20. Nxd5 Nxd5 21. Bb2 Bxf2+ 22. Nxf2 Nxf4 23. Bf3 Ne6 24. Rd1 Nd4 25. Qd3 b5 26. Bxd4 cxd4 27. axb5 axb5 28. Qxb5 Re5 29. Qb6 Rc2 30. Nd3 Rec5 31. Qxd6 Rb5 32. b4 Qg5 33. Qxd4 h5 34. gxh5 gxh5 35. Nc5 h4 36. Nd7 Rc6 37. e5 Rg6 38. Nf6+ Kg7 39. Nh5+ Kh7 40. Qd7 Rxe5 41. Qxf7+ Kh8 42. Ra1 Rg8 43. Nf6 Qg7 44. Qxg8+ Qxg8 45. Nxg8 Kxg8 46. Rb1 Rb5 47. Bc6 1-0

[Event "GER-Cup31 E/V05 email"]
[Site "GER email"]
[Date "2017.04.25"]
[Round "?"]
[White "Nuber, Reinhard"]
[Black "Beckmann, Klaus"]
[Result "1/2-1/2"]
[WhiteElo "1643"]
[BlackElo "1733"]
[PlyCount "39"]
[EventDate "2017.05.01"]
[EventType "tourn (corr)"]
[EventRounds "4"]
[EventCountry "GER"]
[SourceTitle "Corr 2020"]
[Source "ChessBase"]
[SourceDate "2019.09.30"]
[SourceVersion "1"]
[SourceVersionDate "2019.09.30"]
[SourceQuality "1"]

1. d4 Nf6 2. c4 g6 3. Nc3 d5 4. cxd5 Nxd5 5. e4 Nxc3 6. bxc3 Bg7 7. Bc4 c5 8. Ne2 Nc6 9. Be3 0-0 10. 0-0 Bd7 11. Qd2 Qa5 12. Rfd1 cxd4 13. cxd4 Qxd2 14. Rxd2 b5 15. Bxb5 Nxd4 16. Bxd4 Bxb5 17. Bxg7 Kxg7 18. Nd4 Ba6 19. Rad1 Rfc8 20. f3 1/2-1/2

[Event "GER OS-314 email"]
[Site "GER email"]
[Date "2017.02.23"]
[Round "?"]
[White "Rheindt, Stefan"]
[Black "Beckmann, Klaus"]
[Result "0-1"]
[WhiteElo "1470"]
[BlackElo "1733"]
[PlyCount "32"]
[EventDate "2017.02.27"]
[EventType "tourn (corr)"]
[EventRounds "6"]
[EventCountry "GER"]
[SourceTitle "Corr 2020"]
[Source "ChessBase"]
[SourceDate "2019.09.30"]
[SourceVersion "1"]
[SourceVersionDate "2019.09.30"]
[SourceQuality "1"]

1. e4 c5 2. Nf3 g6 3. Bc4 Bg7 4. c3 e6 5. Qe2 Nc6 6. 0-0 d6 7. d3 Nge7 8. Bf4 0-0 9. Bb3 d5 10. exd5 Nxd5 11. Bg3 b5 12. a4 b4 13. cxb4 cxb4 14. Ne5 Nd4 15. Qd1 f5 16. f4 Ne3 0-1

[Event "GER OS-308 email"]
[Site "GER email"]
[Date "2016.12.16"]
[Round "?"]
[White "Beckmann, Klaus"]
[Black "Granz, Thomas"]
[Result "1/2-1/2"]
[WhiteElo "1576"]
[BlackElo "1851"]
[PlyCount "105"]
[EventDate "2016.12.21"]
[EventType "tourn (corr)"]
[EventRounds "6"]
[EventCountry "GER"]
[SourceTitle "Corr 2020"]
[Source "ChessBase"]
[SourceDate "2019.09.30"]
[SourceVersion "1"]
[SourceVersionDate "2019.09.30"]
[SourceQuality "1"]

1. e4 c5 2. c3 Nf6 3. e5 Nd5 4. Nf3 d6 5. d4 cxd4 6. cxd4 Nc6 7. Bc4 Nb6 8. Bb5 dxe5 9. Nxe5 Bd7 10. Nxd7 Qxd7 11. Nc3 e6 12. 0-0 Be7 13. Qg4 0-0 14. Bxc6 Qxc6 15. Bh6 Bf6 16. Rad1 Qc8 17. Ne4 Qd8 18. Rd3 Kh8 19. Bf4 Nd5 20. Be5 Bxe5 21. dxe5 Qe7 22. Rg3 g6 23. Rh3 Kg7 24. Qd1 Nf4 25. Rb3 Rad8 26. Qf3 Nd5 27. g3 Rc8 28. Qe2 Rc6 29. Nd6 b6 30. Rd3 Kg8 31. Rfd1 Qc7 32. R3d2 a5 33. a3 f6 34. Re1 fxe5 35. Nb5 Qb8 36. Qxe5 Qxe5 37. Rxe5 Rd8 38. Rde2 Rc5 39. Nd4 Nf4 40. gxf4 Rxd4 41. Rxe6 Rb5 42. R6e5 Rc5 43. Re8+ Kg7 44. R8e7+ Kf8 45. Rxh7 Rxf4 46. Rhe7 Rg4+ 47. Kf1 Rc1+ 48. Re1 Rxe1+ 49. Rxe1 Rg5 50. Re4 Rc5 51. Kg2 Rd5 52. Kf3 Kg7 53. Ke2 1/2-1/2

[Event "GER OS-308 email"]
[Site "GER email"]
[Date "2016.12.16"]
[Round "?"]
[White "Kunze, Juergen"]
[Black "Beckmann, Klaus"]
[Result "1/2-1/2"]
[WhiteElo "1996"]
[BlackElo "1576"]
[PlyCount "76"]
[EventDate "2016.12.21"]
[EventType "tourn (corr)"]
[EventRounds "6"]
[EventCountry "GER"]
[SourceTitle "Corr 2020"]
[Source "ChessBase"]
[SourceDate "2019.09.30"]
[SourceVersion "1"]
[SourceVersionDate "2019.09.30"]
[SourceQuality "1"]

1. d4 Nf6 2. c4 g6 3. Nc3 d5 4. cxd5 Nxd5 5. e4 Nxc3 6. bxc3 Bg7 7. Bc4 c5 8. Ne2 Nc6 9. Be3 0-0 10. 0-0 Bd7 11. Rc1 Rc8 12. Qd2 b5 13. Bxb5 Nxd4 14. cxd4 Bxb5 15. d5 f5 16. a4 Ba6 17. Bxc5 fxe4 18. Bxa7 Qd7 19. Be3 Qxa4 20. Rfe1 Rxc1 21. Rxc1 Qb3 22. h3 Bd3 23. Nf4 Be5 24. Ne6 Ra8 25. Bf4 Qb2 26. Qxb2 Bxb2 27. Rc5 Bf6 28. g4 h5 29. Kg2 Kf7 30. g5 Bb2 31. Rc7 Ba3 32. Kg3 Ra5 33. Nd8+ Ke8 34. Nc6 Rxd5 35. Ne5 Kd8 36. Nc6+ Ke8 37. Ne5 Kd8 38. Nc6+ Ke8 1/2-1/2

[Event "Prague Holiday M31"]
[Site "Prague"]
[Date "2015.08.06"]
[Round "7"]
[White "Beckmann, Klaus"]
[Black "Okrucinski, Tadeusz"]
[Result "1-0"]
[WhiteElo "2153"]
[BlackElo "2281"]
[PlyCount "113"]
[EventDate "2015.08.02"]
[EventType "tourn"]
[EventRounds "9"]
[EventCountry "CZE"]
[SourceTitle "EXT 2017"]
[Source "ChessBase"]
[SourceDate "2016.10.25"]
[SourceVersion "1"]
[SourceVersionDate "2016.10.25"]
[SourceQuality "1"]

1. e4 c5 2. Nf3 d6 3. c3 Nf6 4. Be2 g6 5. 0-0 Bg7 6. Bb5+ Bd7 7. Bxd7+ Nfxd7 8. d4 cxd4 9. cxd4 0-0 10. Nc3 Nc6 11. Be3 Rc8 12. Rc1 Nb6 13. b3 d5 14. e5 Na8 15. Qd2 Re8 16. Bh6 Bh8 17. Rfe1 Nc7 18. h4 Qd7 19. h5 Qg4 20. hxg6 hxg6 21. Be3 f6 22. exf6 exf6 23. Ne2 Ne6 24. Nh2 Qh5 25. Ng3 Qh4 26. Nf3 Qh7 27. b4 a6 28. a4 Qd7 29. Ne2 Kf7 30. g3 Ne7 31. Qa2 Bg7 32. Kg2 Rh8 33. Rh1 Rxc1 34. Nxc1 Rxh1 35. Kxh1 Qc6 36. Nd3 Qc4 37. Qd2 Nc6 38. Nc5 Nxc5 39. bxc5 Qxa4 40. Kg2 Qb4 41. Qa2 Qc4 42. Qb2 Qb5 43. Qa2 Ne7 44. Nd2 Qc6 45. Ne4 Nc8 46. Nc3 Ne7 47. Ne4 Nf5 48. Nc3 Ne7 49. Ne4 f5 50. Nd6+ Kf8 51. Qb3 b5 52. Qb4 Bf6 53. Qe1 Nc8 54. Bh6+ Bg7 55. Qe6 Nxd6 56. cxd6 Qe8 57. Bxg7+ 1-0